000 01476cam a2200433 a 4500
001 4346144
003 OSt
005 20140310184250.0
008 890829s1990 mnua j 000 0 eng
010 _a 89038583
020 _a0590262769
040 _aDLC
_cDLC
_dDLC
042 _alcac
050 0 0 _aHE 1780.5.I8
_b.W47 1995
100 1 _aWetterer, Margaret K.
_926847
245 1 0 _aKate Shelley and the midnight express /
_cby Margaret K. Wetterer ; illustrations by Karen Ritz.
260 _aMinneapolis :
_bCarolrhoda Books,
_cc1995.
300 _a48 p. :
_bcol. ill. ;
_c23 cm.
440 0 _aCarolrhoda on my own books
_925986
521 _aG5
526 _c750
600 1 0 _aShelley, Kate
_vJuvenile literature.
_926848
600 1 1 _aShelley, Kate.
_926849
650 0 _aRailroad accidents
_zIowa
_zMoingona
_vJuvenile literature.
_926850
650 1 _aRailroads
_vBiography.
_926851
650 1 _aRailroad accidents.
_926852
700 1 _aRitz, Karen,
_eill.
_926853
906 _a7
_bcbc
_corignew
_d1
_eocip
_f19
_gy-gencatlg
942 _2lcc
_cBK-SCHOLAS
999 _c33359
_d33359